Draw 10 Missing Borders on the World Map #10 - Statistics

General Stats
  • This quiz has been taken 175 times
  • The average score is 309 of 317
Answers on the Map
Answers color-coded by a green-red scale on the quiz's map according to % correct below.
 
Answer Stats
L A B Bordering Countries % Correct
76 Afghanistan China Afghanistan-China
98%
936 Afghanistan Iran Afghanistan-Iran
98%
2430 Afghanistan Pakistan Afghanistan-Pakistan
98%
1206 Afghanistan Tajikistan Afghanistan-Tajikistan
98%
744 Afghanistan Turkmenistan Afghanistan-Turkmenistan
98%
137 Afghanistan Uzbekistan Afghanistan-Uzbekistan
98%
282 Albania Greece Albania-Greece
98%
112 Albania Kosovo Albania-Kosovo
98%
151 Albania Macedonia Albania-Macedonia
98%
172 Albania Montenegro Albania-Montenegro
98%
982 Algeria Libya Algeria-Libya
98%
1376 Algeria Mali Algeria-Mali
98%
463 Algeria Mauritania Algeria-Mauritania
98%
1601 Algeria Morocco Algeria-Morocco
98%
956 Algeria Niger Algeria-Niger
98%
965 Algeria Tunisia Algeria-Tunisia
98%
56.6 Andorra France Andorra-France
98%
63.7 Andorra Spain Andorra-Spain
98%
2511 Angola Democratic Republic of the Congo Angola-Democratic Republic of the Congo
98%
1376 Angola Namibia Angola-Namibia
98%
201 Angola Republic of the Congo Angola-Republic of the Congo
98%
1110 Angola Zambia Angola-Zambia
98%
832 Argentina Bolivia Argentina-Bolivia
98%
1224 Argentina Brazil Argentina-Brazil
98%
5300 Argentina Chile Argentina-Chile
98%
1880 Argentina Paraguay Argentina-Paraguay
98%
579 Argentina Uruguay Argentina-Uruguay
98%
787 Armenia Azerbaijan Armenia-Azerbaijan
98%
164 Armenia Georgia Armenia-Georgia
98%
35 Armenia Iran Armenia-Iran
98%
268 Armenia Turkey Armenia-Turkey
98%
362 Austria Czech Republic Austria-Czech Republic
98%
784 Austria Germany Austria-Germany
98%
366 Austria Hungary Austria-Hungary
98%
430 Austria Italy Austria-Italy
98%
35 Austria Liechtenstein Austria-Liechtenstein
98%
91 Austria Slovakia Austria-Slovakia
98%
330 Austria Slovenia Austria-Slovenia
98%
164 Austria Switzerland Austria-Switzerland
98%
322 Azerbaijan Georgia Azerbaijan-Georgia
98%
432 Azerbaijan Iran Azerbaijan-Iran
98%
284 Azerbaijan Russia Azerbaijan-Russia
98%
9 Azerbaijan Turkey Azerbaijan-Turkey
98%
4053 Bangladesh India Bangladesh-India
98%
193 Bangladesh Myanmar Bangladesh-Myanmar
98%
141 Belarus Latvia Belarus-Latvia
98%
502 Belarus Lithuania Belarus-Lithuania
98%
407 Belarus Poland Belarus-Poland
98%
959 Belarus Russia Belarus-Russia
98%
891 Belarus Ukraine Belarus-Ukraine
98%
620 Belgium France Belgium-France
98%
167 Belgium Germany Belgium-Germany
98%
148 Belgium Luxembourg Belgium-Luxembourg
98%
450 Belgium Netherlands Belgium-Netherlands
98%
266 Belize Guatemala Belize-Guatemala
98%
250 Belize Mexico Belize-Mexico
98%
306 Benin Burkina Faso Benin-Burkina Faso
98%
266 Benin Niger Benin-Niger
98%
773 Benin Nigeria Benin-Nigeria
98%
644 Benin Togo Benin-Togo
98%
470 Bhutan China Bhutan-China
98%
605 Bhutan India Bhutan-India
98%
3400 Bolivia Brazil Bolivia-Brazil
98%
861 Bolivia Chile Bolivia-Chile
98%
750 Bolivia Paraguay Bolivia-Paraguay
98%
900 Bolivia Peru Bolivia-Peru
98%
932 Bosnia and Herzegovina Croatia Bosnia and Herzegovina-Croatia
98%
225 Bosnia and Herzegovina Montenegro Bosnia and Herzegovina-Montenegro
98%
302 Bosnia and Herzegovina Serbia Bosnia and Herzegovina-Serbia
98%
1360 Botswana Namibia Botswana-Namibia
98%
1840 Botswana South Africa Botswana-South Africa
98%
0.15 Botswana Zambia Botswana-Zambia
98%
813 Botswana Zimbabwe Botswana-Zimbabwe
98%
1643 Brazil Colombia Brazil-Colombia
98%
673 Brazil France Brazil-France
98%
1119 Brazil Guyana Brazil-Guyana
98%
1290 Brazil Paraguay Brazil-Paraguay
98%
1560 Brazil Peru Brazil-Peru
98%
597 Brazil Suriname Brazil-Suriname
98%
985 Brazil Uruguay Brazil-Uruguay
98%
381 Brunei Malaysia Brunei-Malaysia
98%
494 Bulgaria Greece Bulgaria-Greece
98%
148 Bulgaria Macedonia Bulgaria-Macedonia
98%
608 Bulgaria Romania Bulgaria-Romania
98%
318 Bulgaria Serbia Bulgaria-Serbia
98%
240 Bulgaria Turkey Bulgaria-Turkey
98%
584 Burkina Faso Cote d'Ivoire Burkina Faso-Cote d'Ivoire
98%
549 Burkina Faso Ghana Burkina Faso-Ghana
98%
1000 Burkina Faso Mali Burkina Faso-Mali
98%
628 Burkina Faso Niger Burkina Faso-Niger
98%
126 Burkina Faso Togo Burkina Faso-Togo
98%
233 Burundi Democratic Republic of the Congo Burundi-Democratic Republic of the Congo
98%
290 Burundi Rwanda Burundi-Rwanda
98%
451 Burundi Tanzania Burundi-Tanzania
98%
541 Cambodia Laos Cambodia-Laos
98%
803 Cambodia Thailand Cambodia-Thailand
98%
1228 Cambodia Vietnam Cambodia-Vietnam
98%
797 Cameroon Central African Republic Cameroon-Central African Republic
98%
1094 Cameroon Chad Cameroon-Chad
98%
189 Cameroon Equatorial Guinea Cameroon-Equatorial Guinea
98%
298 Cameroon Gabon Cameroon-Gabon
98%
1690 Cameroon Nigeria Cameroon-Nigeria
98%
523 Cameroon Republic of the Congo Cameroon-Republic of the Congo
98%
8893 Canada United States Canada-United States
98%
1197 Central African Republic Chad Central African Republic-Chad
98%
1577 Central African Republic Democratic Republic of the Congo Central African Republic-Democratic Republic of the Congo
98%
467 Central African Republic Republic of the Congo Central African Republic-Republic of the Congo
98%
682 Central African Republic South Sudan Central African Republic-South Sudan
98%
483 Central African Republic Sudan Central African Republic-Sudan
98%
1055 Chad Libya Chad-Libya
98%
1175 Chad Niger Chad-Niger
98%
87 Chad Nigeria Chad-Nigeria
98%
1360 Chad Sudan Chad-Sudan
98%
160 Chile Peru Chile-Peru
98%
3380 China India China-India
98%
1533 China Kazakhstan China-Kazakhstan
98%
858 China Kyrgyzstan China-Kyrgyzstan
98%
423 China Laos China-Laos
98%
4677 China Mongolia China-Mongolia
98%
2185 China Myanmar China-Myanmar
98%
1236 China Nepal China-Nepal
98%
1416 China North Korea China-North Korea
98%
523 China Pakistan China-Pakistan
98%
3645 China Russia China-Russia
98%
414 China Tajikistan China-Tajikistan
98%
1281 China Vietnam China-Vietnam
98%
590 Colombia Ecuador Colombia-Ecuador
98%
225 Colombia Panama Colombia-Panama
98%
1496 Colombia Peru Colombia-Peru
98%
2050 Colombia Venezuela Colombia-Venezuela
98%
309 Costa Rica Nicaragua Costa Rica-Nicaragua
98%
330 Costa Rica Panama Costa Rica-Panama
98%
668 Cote d'Ivoire Ghana Cote d'Ivoire-Ghana
98%
610 Cote d'Ivoire Guinea Cote d'Ivoire-Guinea
98%
716 Cote d'Ivoire Liberia Cote d'Ivoire-Liberia
98%
532 Cote d'Ivoire Mali Cote d'Ivoire-Mali
98%
25 Croatia Montenegro Croatia-Montenegro
98%
241 Croatia Serbia Croatia-Serbia
98%
670 Croatia Slovenia Croatia-Slovenia
98%
815 Czech Republic Germany Czech Republic-Germany
98%
658 Czech Republic Poland Czech Republic-Poland
98%
215 Czech Republic Slovakia Czech Republic-Slovakia
98%
2410 Democratic Republic of the Congo Republic of the Congo Democratic Republic of the Congo-Republic of the Congo
98%
217 Democratic Republic of the Congo Rwanda Democratic Republic of the Congo-Rwanda
98%
628 Democratic Republic of the Congo South Sudan Democratic Republic of the Congo-South Sudan
98%
459 Democratic Republic of the Congo Tanzania Democratic Republic of the Congo-Tanzania
98%
1930 Democratic Republic of the Congo Zambia Democratic Republic of the Congo-Zambia
98%
68 Denmark Germany Denmark-Germany
98%
109 Djibouti Eritrea Djibouti-Eritrea
98%
349 Djibouti Ethiopia Djibouti-Ethiopia
98%
58 Djibouti Somalia Djibouti-Somalia
98%
360 Dominican Republic Haiti Dominican Republic-Haiti
98%
228 East Timor Indonesia East Timor-Indonesia
98%
1420 Ecuador Peru Ecuador-Peru
98%
277 Egypt Israel Egypt-Israel
98%
1115 Egypt Libya Egypt-Libya
98%
1273 Egypt Sudan Egypt-Sudan
98%
203 El Salvador Guatemala El Salvador-Guatemala
98%
342 El Salvador Honduras El Salvador-Honduras
98%
350 Equatorial Guinea Gabon Equatorial Guinea-Gabon
98%
912 Eritrea Ethiopia Eritrea-Ethiopia
98%
605 Eritrea Sudan Eritrea-Sudan
98%
294 Estonia Russia Estonia-Russia
98%
861 Ethiopia Kenya Ethiopia-Kenya
98%
1600 Ethiopia Somalia Ethiopia-Somalia
98%
723 Ethiopia Sudan Ethiopia-Sudan
98%
736 Finland Norway Finland-Norway
98%
614 Finland Sweden Finland-Sweden
98%
451 France Germany France-Germany
98%
488 France Italy France-Italy
98%
73 France Luxembourg France-Luxembourg
98%
4.4 France Monaco France-Monaco
98%
10.2 France Netherlands France-Netherlands
98%
623 France Spain France-Spain
98%
510 France Suriname France-Suriname
98%
573 France Switzerland France-Switzerland
98%
1903 Gabon Republic of the Congo Gabon-Republic of the Congo
98%
740 Gambia Senegal Gambia-Senegal
98%
723 Georgia Russia Georgia-Russia
98%
252 Georgia Turkey Georgia-Turkey
98%
138 Germany Luxembourg Germany-Luxembourg
98%
577 Germany Netherlands Germany-Netherlands
98%
456 Germany Poland Germany-Poland
98%
334 Germany Switzerland Germany-Switzerland
98%
877 Ghana Togo Ghana-Togo
98%
246 Greece Macedonia Greece-Macedonia
98%
206 Greece Turkey Greece-Turkey
98%
256 Guatemala Honduras Guatemala-Honduras
98%
962 Guatemala Mexico Guatemala-Mexico
98%
338 Guinea-Bissau Senegal Guinea-Bissau-Senegal
98%
386 Guinea Guinea-Bissau Guinea-Guinea-Bissau
98%
563 Guinea Liberia Guinea-Liberia
98%
858 Guinea Mali Guinea-Mali
98%
330 Guinea Senegal Guinea-Senegal
98%
600 Guyana Suriname Guyana-Suriname
98%
743 Guyana Venezuela Guyana-Venezuela
98%
922 Honduras Nicaragua Honduras-Nicaragua
98%
443 Hungary Romania Hungary-Romania
98%
151 Hungary Serbia Hungary-Serbia
98%
677 Hungary Slovakia Hungary-Slovakia
98%
102 Hungary Slovenia Hungary-Slovenia
98%
103 Hungary Ukraine Hungary-Ukraine
98%
1463 India Myanmar India-Myanmar
98%
1690 India Nepal India-Nepal
98%
2912 India Pakistan India-Pakistan
98%
820 Indonesia Papua New Guinea Indonesia-Papua New Guinea
98%
1458 Iran Iraq Iran-Iraq
98%
909 Iran Pakistan Iran-Pakistan
98%
499 Iran Turkey Iran-Turkey
98%
992 Iran Turkmenistan Iran-Turkmenistan
98%
181 Iraq Jordan Iraq-Jordan
98%
240 Iraq Kuwait Iraq-Kuwait
98%
814 Iraq Saudi Arabia Iraq-Saudi Arabia
98%
605 Iraq Syria Iraq-Syria
98%
352 Iraq Turkey Iraq-Turkey
98%
360 Ireland United Kingdom Ireland-United Kingdom
98%
335 Israel Jordan Israel-Jordan
98%
79 Israel Lebanon Israel-Lebanon
98%
76 Israel Syria Israel-Syria
98%
39 Italy San Marino Italy-San Marino
98%
232 Italy Slovenia Italy-Slovenia
98%
740 Italy Switzerland Italy-Switzerland
98%
3.2 Italy Vatican City Italy-Vatican City
98%
744 Jordan Saudi Arabia Jordan-Saudi Arabia
98%
375 Jordan Syria Jordan-Syria
98%
1051 Kazakhstan Kyrgyzstan Kazakhstan-Kyrgyzstan
98%
6846 Kazakhstan Russia Kazakhstan-Russia
98%
379 Kazakhstan Turkmenistan Kazakhstan-Turkmenistan
98%
2203 Kazakhstan Uzbekistan Kazakhstan-Uzbekistan
98%
682 Kenya Somalia Kenya-Somalia
98%
232 Kenya South Sudan Kenya-South Sudan
98%
769 Kenya Tanzania Kenya-Tanzania
98%
933 Kenya Uganda Kenya-Uganda
98%
159 Kosovo Macedonia Kosovo-Macedonia
98%
79 Kosovo Montenegro Kosovo-Montenegro
98%
352 Kosovo Serbia Kosovo-Serbia
98%
222 Kuwait Saudi Arabia Kuwait-Saudi Arabia
98%
870 Kyrgyzstan Tajikistan Kyrgyzstan-Tajikistan
98%
1099 Kyrgyzstan Uzbekistan Kyrgyzstan-Uzbekistan
98%
235 Laos Myanmar Laos-Myanmar
98%
1754 Laos Thailand Laos-Thailand
98%
2130 Laos Vietnam Laos-Vietnam
98%
453 Latvia Lithuania Latvia-Lithuania
98%
217 Latvia Russia Latvia-Russia
98%
375 Lebanon Syria Lebanon-Syria
98%
909 Lesotho South Africa Lesotho-South Africa
98%
306 Liberia Sierra Leone Liberia-Sierra Leone
98%
354 Libya Niger Libya-Niger
98%
383 Libya Sudan Libya-Sudan
98%
459 Libya Tunisia Libya-Tunisia
98%
41 Liechtenstein Switzerland Liechtenstein-Switzerland
98%
91 Lithuania Poland Lithuania-Poland
98%
227 Lithuania Russia Lithuania-Russia
98%
62 Macedonia Serbia Macedonia-Serbia
98%
1569 Malawi Mozambique Malawi-Mozambique
98%
475 Malawi Tanzania Malawi-Tanzania
98%
837 Malawi Zambia Malawi-Zambia
98%
506 Malaysia Thailand Malaysia-Thailand
98%
2237 Mali Mauritania Mali-Mauritania
98%
821 Mali Niger Mali-Niger
98%
419 Mali Senegal Mali-Senegal
98%
813 Mauritania Senegal Mauritania-Senegal
98%
3141 Mexico United States Mexico-United States
98%
450 Moldova Romania Moldova-Romania
98%
939 Moldova Ukraine Moldova-Ukraine
98%
3485 Mongolia Russia Mongolia-Russia
98%
124 Montenegro Serbia Montenegro-Serbia
98%
17 Morocco Spain Morocco-Spain
98%
491 Mozambique South Africa Mozambique-South Africa
98%
105 Mozambique Swaziland Mozambique-Swaziland
98%
756 Mozambique Tanzania Mozambique-Tanzania
98%
419 Mozambique Zambia Mozambique-Zambia
98%
1231 Mozambique Zimbabwe Mozambique-Zimbabwe
98%
1800 Myanmar Thailand Myanmar-Thailand
98%
967 Namibia South Africa Namibia-South Africa
98%
233 Namibia Zambia Namibia-Zambia
98%
1497 Niger Nigeria Niger-Nigeria
98%
19 North Korea Russia North Korea-Russia
98%
238 North Korea South Korea North Korea-South Korea
98%
196 Norway Russia Norway-Russia
98%
1619 Norway Sweden Norway-Sweden
98%
676 Oman Saudi Arabia Oman-Saudi Arabia
98%
410 Oman United Arab Emirates Oman-United Arab Emirates
98%
288 Oman Yemen Oman-Yemen
98%
206 Poland Russia Poland-Russia
98%
444 Poland Slovakia Poland-Slovakia
98%
526 Poland Ukraine Poland-Ukraine
98%
60 Qatar Saudi Arabia Qatar-Saudi Arabia
98%
476 Romania Serbia Romania-Serbia
98%
531 Romania Ukraine Romania-Ukraine
98%
1576 Russia Ukraine Russia-Ukraine
98%
217 Rwanda Tanzania Rwanda-Tanzania
98%
169 Rwanda Uganda Rwanda-Uganda
98%
457 Saudi Arabia United Arab Emirates Saudi Arabia-United Arab Emirates
98%
1458 Saudi Arabia Yemen Saudi Arabia-Yemen
98%
97 Slovakia Ukraine Slovakia-Ukraine
98%
430 South Africa Swaziland South Africa-Swaziland
98%
225 South Africa Zimbabwe South Africa-Zimbabwe
98%
1937 South Sudan Sudan South Sudan-Sudan
98%
435 South Sudan Uganda South Sudan-Uganda
98%
1.2 Spain United Kingdom Spain-United Kingdom
98%
822 Syria Turkey Syria-Turkey
98%
1161 Tajikistan Uzbekistan Tajikistan-Uzbekistan
98%
396 Tanzania Uganda Tanzania-Uganda
98%
338 Tanzania Zambia Tanzania-Zambia
98%
1621 Turkmenistan Uzbekistan Turkmenistan-Uzbekistan
98%
797 Zambia Zimbabwe Zambia-Zimbabwe
98%
2200 Brazil Venezuela Brazil-Venezuela
84%
765 Democratic Republic of the Congo Uganda Democratic Republic of the Congo-Uganda
84%
883 Ethiopia South Sudan Ethiopia-South Sudan
84%
329 Croatia Hungary Croatia-Hungary
82%
339 Estonia Latvia Estonia-Latvia
79%
1561 Mauritania Morocco Mauritania-Morocco
79%
1340 Finland Russia Finland-Russia
67%
1214 Portugal Spain Portugal-Spain
65%
652 Guinea Sierra Leone Guinea-Sierra Leone
64%
1782 Indonesia Malaysia Indonesia-Malaysia
40%
No matching quizzes found
Score Distribution
Percent of People with Each Score
Percentile by Number Answered
Your Score History
You have not taken this quiz